Football teams in the East of England - Statistics

General Stats
  • This quiz has been taken 12 times
  • The average score is 8 of 11
Answer Stats
Picture Answer % Correct
Cambridge United
91%
Colchester United
91%
Norwich City
91%
Watford
91%
Ipswich Town
82%
Southend United
82%
Luton Town
73%
Peterborough United
64%
Stevenage
64%
Ebbsfleet United
55%
Braintree Town
27%
No matching quizzes found
Score Distribution
Percent of People with Each Score
Percentile by Number Answered
Your Score History
You have not taken this quiz